Negro spirituals in italiano (I)-3 (Record n. 101413)
[ formato base ]
| 000 -LEADER | |
|---|---|
| fixed length control field | 01133njm a2200301Ia 4500 |
| 001 - CONTROL NUMBER | |
| control field | 20343 |
| 003 - CONTROL NUMBER IDENTIFIER | |
| control field | IT-RoPAU |
| 005 - DATE AND TIME OF LATEST TRANSACTION | |
| control field | 20220918181143.0 |
| 008 - FIXED-LENGTH DATA ELEMENTS--GENERAL INFORMATION | |
| fixed length control field | 131025s9999 xx 000 0 und d |
| 040 ## - CATALOGING SOURCE | |
| Original cataloging agency | IT-RoPAU |
| 040 ## - CATALOGING SOURCE | |
| Transcribing agency | IT-RoPAU |
| 041 ## - LANGUAGE CODE | |
| Language code of text/sound track or separate title | ITALIANO |
| 999 ## - SYSTEM CONTROL NUMBERS (KOHA) | |
| Koha Dewey Subclass [OBSOLETE] | n.d. |
| 100 ## - MAIN ENTRY--PERSONAL NAME | |
| Personal name | Ceragioli Enzo |
| 9 (RLIN) | 1389 |
| 100 ## - MAIN ENTRY--PERSONAL NAME | |
| Relator term | Autore musica |
| 9 (RLIN) | 1390 |
| 100 ## - MAIN ENTRY--PERSONAL NAME | |
| Miscellaneous information | Codice autore musica SPICS: 13191 |
| 9 (RLIN) | 1391 |
| 245 ## - TITLE STATEMENT | |
| Title | Negro spirituals in italiano (I)-3 |
| 250 ## - EDITION STATEMENT | |
| Edition statement | 1a ed. |
| 260 ## - PUBLICATION, DISTRIBUTION, ETC. (IMPRINT) | |
| Place of publication, distribution, etc. | MILANO |
| 260 ## - PUBLICATION, DISTRIBUTION, ETC. (IMPRINT) | |
| Name of publisher, distributor, etc. | ECO |
| Date of publication, distribution, etc. | 1969 [1a Ed.:1969 - Ed. Lingua Orig.: 1969] |
| 300 ## - PHYSICAL DESCRIPTION | |
| Extent | DISCO |
| 500 ## - GENERAL NOTE | |
| General note | Canti spirituals |
| 505 ## - FORMATTED CONTENTS NOTE | |
| Formatted contents note | Passo, passo, Signor - Tu, il Signor - Voi che piangete - I bimbi di Sion - Tieni viva la tua fiamma - Mi sento tanto triste - Presto nel mattino - Una festa nel cielo - Sono stanco - Daniele - Scendi Gabriele - Sento su nel cielo |
| 650 ## - SUBJECT ADDED ENTRY--TOPICAL TERM | |
| Topical term or geographic name as entry element | SPIRITUALS [DISCHI] |
| Relator term | Codice MATERIA SPICS: 9950 |
| 9 (RLIN) | 1392 |
| 700 ## - ADDED ENTRY--PERSONAL NAME | |
| Personal name | Costa A. |
| Relator term | Autore testo e musica |
| Miscellaneous information | Codice autore testo/musica SPICS: 13206 |
| 9 (RLIN) | 1393 |
| 700 ## - ADDED ENTRY--PERSONAL NAME | |
| Personal name | Varnavà S. |
| Relator term | inteprete |
| Miscellaneous information | Codice interprete SPICS: 13200 |
| 9 (RLIN) | 1394 |
| 942 ## - ADDED ENTRY ELEMENTS (KOHA) | |
| Koha item type | DISCHI |
| Source of classification or shelving scheme | Dewey Decimal Classification |
| Withdrawn status | Lost status | Damaged status | Not for loan | Home library | Current library | Date acquired | Total Checkouts | Full call number | Date last seen | Price effective from | Koha item type | Public note |
|---|---|---|---|---|---|---|---|---|---|---|---|---|
| Buone Condizioni | Not For Loan | SPICS-MEDIATECA | SPICS-MEDIATECA | 25/10/2013 | 20343 | 25/10/2013 | 25/10/2013 | DISCHI | Progr. Ins.: 3654 / N.Vol.: 1 / Copie: 1 - Copia rara: n.d. / date import: 01.01.2014 - By Epidotti, Trombetti, Vaglietti |